| 000 | 00469cam a22001337a 4500 | ||
|---|---|---|---|
| 008 | 180718b1999 xxu||||| |||| 00| 0 eng d | ||
| 082 | _aA81x54 91/13/PT7 | ||
| 100 | _aCensus of India 1991 | ||
| 245 | _aMadhya Pradesh: tables on houses and household amenities | ||
| 260 |
_aDelhi _bThe Controller of Publications _c1999 |
||
| 300 | _a1194+p. | ||
| 440 | _aCensus of India 1991. Series-13, Madhya Pradesh. Part VII | ||
| 650 | _aHousehold surveys - India - Madhya Pradesh | ||
| 999 |
_c475441 _d475441 |
||